Senangnya memasak...nasi

Bibliographic Details
Main Author: Hanieliza Chef (Author)
Format: Book
Language:Malay
Published: Batu Caves, Selangor : PTS Millennia , c2009
Subjects:

MARC

LEADER 00000cam a2200000 7i4500
001 0000082221
005 20170313093000.0
008 130313s2009 my may
020 |a 9789833372447 (paperback : alk. paper) 
020 |a 9833372449 (paperback : alk. paper) 
050 0 0 |a TX809.R5   |b H36 2009 
090 0 0 |a TX809.R5   |b H36 2009 
100 0 |a Hanieliza   |c Chef ,   |e author 
245 1 0 |a Senangnya memasak...nasi   |c Chef Hanieliza 
246 3 0 |a Nasi 
260 |a Batu Caves, Selangor :   |b PTS Millennia ,   |c c2009 
300 |a 47 p. :   |b col. ill. ;   |c 22 cm.   |e 1 CD ROM (4 3/4 in.) 
650 0 |a Cookery (rice) 
650 0 |a Recipes   |z Malaysia 
856 4 2 |3 http://www.pts.com.my/ 
999 |a 1000155461   |b Book   |c OPEN SHELF (30 DAYS)   |e Gong Badak Campus 
999 |a 1000155462   |b CD-ROM   |c Close Access   |e Gong Badak Campus 
999 |a 1000155463   |b Book   |c OPEN SHELF (30 DAYS)   |e Gong Badak Campus 
999 |a 1000155464   |b CD-ROM   |c Close Access   |e Gong Badak Campus